00321nam a2200133Ia 4500008004100000100001600041245002100057250001200078260004200090300000900132650002400141942000700165999001500172190216s9999||||xx |||||||||||||| ||und|| aMansfield D 0aElectrochemistry a1st Ed. bHeinemann Educational Books Ltdc1974 a63 p aChemistry-Chemistry cBK c2258d2258